19 Pueblos of New Mexico - Statistics

General Stats
  • This quiz has been taken 150 times
  • The average score is 12 of 19
Answer Stats
Hint Pueblo % Correct
A World Heritage site and perhaps the oldest settlement in the United States Taos
94%
Uses the Spanish word for "lagoon" Laguna
81%
Draws its spirituality from a mountain of the same name, overlooking Albuquerque Sandia
77%
Their sun symbol is on the New Mexico flag Zia
77%
Surrounded by cliffs on all sides Acoma
75%
Largest tribal population in the state Zuni
75%
Members usually have both a farming residence and a village home Santa Ana
73%
Shares its name with a small mountain range Jemez
67%
Cultural capital of the Tiwa-speaking pueblos Isleta
65%
Was rebuilt after a devastating flood in 1886 Santo Domingo
65%
Home of Po’Pay, leader of the Pueblo revolt Ohkay Owingeh
60%
Home of Maria Martinez, a famous pottery maker San Ildefonso
60%
Has a recreation area centered around its famous waterfalls Nambe
52%
Home to Buffalo Thunder, New Mexico's largest casino Pojoaque
52%
Has a landmark rock shaped like a camel Tesuque
50%
Theocratic and socially conservative, usually closed to outsiders San Felipe
48%
Descended from the builders of the Puye Cliff dwellings Santa Clara
48%
Well-known for drums crafted from hollow tree trunks and leather Cochiti
46%
Known for its utilitarian pottery that uses mica for a metallic sheen Picuris
37%
No matching quizzes found
Score Distribution
Percent of People with Each Score
Percentile by Number Answered
Your Score History
You have not taken this quiz